Southville International School and Colleges
Your cart is empty.
  • Cart
  • Lists
    Public lists Eva Luna New books Lux_list list_1
    Your lists Log in to create your own lists
  • Log in to your account
  • Your cookies
  • Search history
Southville International School and Colleges
  • Advanced search
  • Recent comments
  • Most popular
  • Libraries

Log in to your account

Log in with GOOGLE


If you do not have an external account, but do have a local account, you can still log in:

  1. Home
  2. MARC view: Artificial intelligence :
Normal view MARC view ISBD view

Artificial intelligence : (Record no. 24383)

[ view plain ]
MARC details
000 -LEADER
fixed length control field 00738nam a2200229 a 4500
005 - DATE AND TIME OF LATEST TRANSACTION
control field 20140310183520.0
008 - FIXED-LENGTH DATA ELEMENTS--GENERAL INFORMATION
fixed length control field 110803s19uu xx 00 eng d
020 ## - INTERNATIONAL STANDARD BOOK NUMBER
International Standard Book Number 9789810695958
050 ## - LIBRARY OF CONGRESS CALL NUMBER
Classification number QA 76.9
Item number .L951 2010
100 ## - MAIN ENTRY--PERSONAL NAME
Personal name Luger, George F.
245 ## - TITLE STATEMENT
Title Artificial intelligence :
Remainder of title structures and strategies for complex problem solving /
Statement of responsibility, etc George F. Luger.
250 ## - EDITION STATEMENT
Edition statement 6th ed.
260 ## - PUBLICATION, DISTRIBUTION, ETC. (IMPRINT)
Place of publication, distribution, etc Singapore :
Name of publisher, distributor, etc Pearson Education South Asia PTe Ltd,
Date of publication, distribution, etc 2010.
300 ## - PHYSICAL DESCRIPTION
Extent 754 p. :
Other physical details ill. ;
Dimensions 23 cm.
500 ## - GENERAL NOTE
General note Includes bibliography and index.
521 ## - TARGET AUDIENCE NOTE
Target audience note
546 ## - LANGUAGE NOTE
Language note C12227
546 ## - LANGUAGE NOTE
Language note C12226
650 ## - SUBJECT ADDED ENTRY--TOPICAL TERM
Topical term or geographic name as entry element Artificial inteligence.
650 ## - SUBJECT ADDED ENTRY--TOPICAL TERM
Topical term or geographic name as entry element Knowledge representation (Information theory).
942 ## - ADDED ENTRY ELEMENTS (KOHA)
Koha item type Books
Source of classification or shelving scheme Library of Congress Classification
Call number prefix Foreign
Holdings
Withdrawn status Lost status Source of classification or shelving scheme Damaged status Home library Current library Shelving location Date acquired Total Checkouts Full call number Barcode Date last seen Copy number Price effective from Koha item type
    Library of Congress Classification   College Library College Library General Circulation Section 12/02/2013   QA 76.9 .L951 2010 C12227 05/15/2018 1 12/02/2013 Books
    Library of Congress Classification   College Library College Library General Circulation Section 12/02/2013   QA 76.9 .L951 2010 C12226 05/15/2018 2 12/02/2013 Books

Artificial intelligence :

APA

Luger G. F., . (2010). Artificial intelligence. Singapore: Pearson Education South Asia PTe Ltd.

Chicago

Luger George F, . 2010. Artificial intelligence. Singapore: Pearson Education South Asia PTe Ltd.

Harvard

Luger G. F., . (2010). Artificial intelligence. Singapore: Pearson Education South Asia PTe Ltd.

MLA

Luger George F, . Artificial intelligence. Singapore: Pearson Education South Asia PTe Ltd. 2010.

  • Place hold
  • Print
  • Cite
  • Add to your cart (remove)
  • Save record
    BIBTEX Dublin Core MARCXML MARC (non-Unicode/MARC-8) MARC (Unicode/UTF-8) MARC (Unicode/UTF-8, Standard) MODS (XML) RIS
  • More searches
    Search for this title in:
    Other Libraries (WorldCat) Other Databases (Google Scholar) Online Stores (Bookfinder.com) Open Library (openlibrary.org)

Exporting to Dublin Core...

SOUTHVILLE LIBRARY

Southville International School and Colleges Library

1281 Tropical Ave. Cor. Luxembourg St., BF Homes International, Las Pinas City

Tel. No. 8256374 / 252358 Loc. 117/146

Powered by Koha